[Event "Druga liga Srbije grupa Vojvodina 2012"]
[Site "Kac"]
[Date "2012.10.17"]
[Round "6.5"]
[White "Sipos, Istvan"]
[Black "Jovanovic, Milenko"]
[Result "1-0"]
[WhiteElo "2459"]
[BlackElo "2192"]
[PlyCount "63"]
[EventDate "2012.10.14"]

1. c4 c5 2. g3 Nf6 3. Bg2 g6 4. Nc3 Bg7 5. Nf3 Nc6 6. O-O d6 7. d4 cxd4 8. Nxd4
Bd7 9. Nb3 O-O 10. c5 dxc5 11. Nxc5 Qc8 12. Nxd7 Qxd7 13. Be3 Rfc8 14. Qa4 a6
15. Rfd1 Qe8 16. Rac1 b5 17. Qh4 Rab8 18. Bf4 Rb6 19. Bh3 e6 20. Bg5 Nd7 21.
Be3 Rbb8 22. Ne4 Nce5 23. Rxc8 Qxc8 24. Rc1 Qe8 25. Rc7 Nc4 26. Bh6 Ncb6 27.
Bg5 Nd5 28. Nd6 Nxc7 29. Nxe8 Nxe8 30. Qe4 Bxb2 31. Bxe6 Nd6 32. Qd5 1-0

[Event "Druga liga Srbije grupa Vojvodina 2012"]
[Site "Kac"]
[Date "2012.10.17"]
[Round "6.5"]
[White "Rajic, Dobrivoje"]
[Black "Bulajic, Ratko"]
[Result "0-1"]
[WhiteElo "2105"]
[BlackElo "2331"]
[PlyCount "70"]
[EventDate "2012.10.14"]

1. e4 c5 2. Nf3 a6 3. b3 d6 4. Bb2 e5 5. a4 g6 6. Na3 Nc6 7. Nc4 b6 8. c3 Nf6
9. d3 Bg7 10. Qd2 d5 11. Nfxe5 dxc4 12. Nxc6 Qc7 13. e5 Nd7 14. Be2 Bb7 15. d4
Qxc6 16. Bxc4 Qe4+ 17. Be2 cxd4 18. cxd4 Qxg2 19. Rf1 Rc8 20. Ba3 Qe4 21. f3
Qh4+ 22. Rf2 Bf8 23. Bb2 Bh6 24. f4 O-O 25. Bc4 Rfe8 26. Kf1 Qh3+ 27. Kg1 b5
28. axb5 axb5 29. Bxb5 Qxb3 30. Bf1 Nb6 31. Ra3 Qe6 32. f5 Qd5 33. Bg2 Bxd2 34.
Bxd5 Bxd5 35. Rxd2 Nc4 0-1

[Event "Druga liga Srbije grupa Vojvodina 2012"]
[Site "Kac"]
[Date "2012.10.17"]
[Round "6.5"]
[White "Strangar, Zlatko"]
[Black "Kovacevic, Slavko"]
[Result "1-0"]
[WhiteElo "2221"]
[BlackElo "2187"]
[PlyCount "45"]
[EventDate "2012.10.14"]

1. e4 c5 2. Nc3 Nc6 3. Nge2 g6 4. d4 cxd4 5. Nxd4 Bg7 6. Be3 d6 7. Qd2 Bd7 8.
O-O-O Nf6 9. f3 a6 10. g4 Qc7 11. g5 Nh5 12. Nd5 Qb8 13. Nb6 Ra7 14. Be2 Bh3
15. f4 Bg2 16. Bxh5 Bxh1 17. Rxh1 gxh5 18. Nf5 Bf8 19. e5 a5 20. exd6 exd6 21.
Re1 Kd8 22. Qc3 Rg8 23. Qf6+ 1-0

[Event "Druga liga Srbije grupa Vojvodina 2012"]
[Site "Kac"]
[Date "2012.10.17"]
[Round "6.5"]
[White "Zolotic, Zoran"]
[Black "Ivanovic, Miroslav"]
[Result "1-0"]
[WhiteElo "2237"]
[BlackElo "2104"]
[PlyCount "57"]
[EventDate "2012.10.14"]

1. d4 e6 2. c4 Nf6 3. Nc3 Bb4 4. Qb3 Nc6 5. e3 d5 6. a3 Bd6 7. cxd5 exd5 8. Bd3
O-O 9. Nge2 a6 10. Qc2 Re8 11. h3 Ne7 12. b4 c6 13. Bb2 Ng6 14. g3 Be6 15. Na4
Qe7 16. Nc5 Bc8 17. Bf5 b6 18. Na4 Rb8 19. Bxc8 Rexc8 20. O-O Ne4 21. Nac3 Ng5
22. Qf5 Qf6 23. Qxf6 gxf6 24. Kg2 f5 25. Rfc1 Ne4 26. Rc2 Ne7 27. Rac1 Bc7 28.
b5 cxb5 29. Nxe4 1-0

[Event "Druga liga Srbije grupa Vojvodina 2012"]
[Site "Kac"]
[Date "2012.10.17"]
[Round "6.5"]
[White "Roganovic, Nebojsa"]
[Black "Radanovic, Borislav"]
[Result "1/2-1/2"]
[WhiteElo "2204"]
[BlackElo "2244"]
[PlyCount "79"]
[EventDate "2012.10.14"]

1. e4 d6 2. d4 g6 3. Nc3 Bg7 4. Nf3 Nf6 5. h3 O-O 6. Be3 c6 7. a4 Qa5 8. Bd3
Nbd7 9. O-O e5 10. dxe5 dxe5 11. Bc4 Qb4 12. Qd3 Nh5 13. Bb3 Qe7 14. Ne2 Nc5
15. Bxc5 Qxc5 16. Rfd1 Bf6 17. Qd6 Qxd6 18. Rxd6 Kg7 19. Rad1 Re8 20. c3 a5 21.
Bc4 Nf4 22. Nxf4 exf4 23. Re1 Rb8 24. e5 Be7 25. Rd4 b5 26. axb5 cxb5 27. Ba2
g5 28. e6 Bf6 29. Rd6 Bxe6 30. Bxe6 fxe6 31. Ra6 a4 32. Ra7+ Kg6 33. Ne5+ Bxe5
34. Rxe5 Kf6 35. Rc5 Rec8 36. Rxc8 Rxc8 37. Rxh7 Rc5 38. Rb7 Ke5 39. Kf1 Kd5
40. Rd7+ 1/2-1/2

[Event "Druga liga Srbije grupa Vojvodina 2012"]
[Site "Kac"]
[Date "2012.10.17"]
[Round "6.6"]
[White "Sertic, Rudolf"]
[Black "Varga, Zoltan"]
[Result "1/2-1/2"]
[WhiteElo "2397"]
[BlackElo "2455"]
[PlyCount "31"]
[EventDate "2012.10.14"]

1. d4 d5 2. Nf3 c6 3. g3 Nf6 4. Bg2 Bg4 5. O-O Nbd7 6. c4 e6 7. h3 Bxf3 8. Bxf3
dxc4 9. Nd2 Nb6 10. e3 Bb4 11. Qc2 Bxd2 12. Bxd2 O-O 13. Ba5 Nfd7 14. a4 Qe7
15. Bxb6 axb6 16. Qxc4 1/2-1/2

[Event "Druga liga Srbije grupa Vojvodina 2012"]
[Site "Kac"]
[Date "2012.10.17"]
[Round "6.6"]
[White "Cabarkapa, Novak"]
[Black "Vujadinovic, Goran"]
[Result "1-0"]
[WhiteElo "2244"]
[BlackElo "2365"]
[PlyCount "77"]
[EventDate "2012.10.14"]

1. e4 d6 2. d4 g6 3. Nc3 Bg7 4. Nf3 Nf6 5. h3 O-O 6. Be3 c6 7. Qd2 b5 8. Bd3
Qc7 9. O-O Nbd7 10. Ne2 Bb7 11. Ng3 e5 12. dxe5 dxe5 13. a4 a6 14. c4 Rfd8 15.
Qc2 b4 16. c5 a5 17. Rfd1 Ba6 18. Bxa6 Rxa6 19. Rd3 Re8 20. Rad1 Nf8 21. Rd6
N6d7 22. h4 Ra7 23. h5 Bf6 24. Qc4 Re7 25. Ng5 Ra8 26. Nf1 Kg7 27. Nh2 gxh5 28.
Qe2 Bxg5 29. Bxg5 Re6 30. Qxh5 Nxc5 31. Rxe6 fxe6 32. Ng4 Nxe4 33. Nxe5 Ra7 34.
Bd8 Qb8 35. Qg4+ Ng6 36. Nxg6 Nxf2 37. Qd4+ e5 38. Nxe5 c5 39. Bf6+ 1-0

[Event "Druga liga Srbije grupa Vojvodina 2012"]
[Site "Kac"]
[Date "2012.10.17"]
[Round "6.6"]
[White "Kolognat, Petar"]
[Black "Vidic, Stevan"]
[Result "1-0"]
[WhiteElo "2267"]
[BlackElo "2288"]
[PlyCount "65"]
[EventDate "2012.10.14"]

1. e4 c5 2. Nf3 Nc6 3. d4 cxd4 4. Nxd4 e5 5. Nxc6 bxc6 6. c4 Nf6 7. Nc3 Bc5 8.
Be2 O-O 9. O-O d6 10. Kh1 Bd4 11. Qc2 Ng4 12. Bxg4 Bxg4 13. Ne2 Bc5 14. f3 Be6
15. Ng3 a5 16. f4 exf4 17. Bxf4 Qe7 18. Rad1 Rfd8 19. b3 a4 20. Bc1 axb3 21.
axb3 Bg4 22. Rd3 Ra1 23. Qc3 Rda8 24. b4 Bb6 25. h3 Be6 26. Nh5 f6 27. Rg3 R8a3
28. Qxf6 Qxf6 29. Nxf6+ Kh8 30. Rxa3 Rxa3 31. Bxa3 gxf6 32. Rxf6 Bxc4 33. Rxd6
1-0

[Event "Druga liga Srbije grupa Vojvodina 2012"]
[Site "Kac"]
[Date "2012.10.17"]
[Round "6.6"]
[White "Marjanusic, Vladimir"]
[Black "Mastrapovic, Vladimir"]
[Result "1/2-1/2"]
[WhiteElo "2266"]
[BlackElo "2284"]
[PlyCount "30"]
[EventDate "2012.10.14"]

1. d4 Nf6 2. Bg5 e6 3. e3 c5 4. c3 Qb6 5. Qb3 d5 6. Nd2 Nc6 7. Ngf3 Be7 8. Be2
O-O 9. O-O Qc7 10. Bf4 Bd6 11. Bxd6 Qxd6 12. dxc5 Qxc5 13. c4 b6 14. cxd5 Qxd5
15. Qxd5 Nxd5 1/2-1/2

[Event "Druga liga Srbije grupa Vojvodina 2012"]
[Site "Kac"]
[Date "2012.10.17"]
[Round "6.6"]
[White "Marcak, Dejan"]
[Black "Milurovic, Uros"]
[Result "1-0"]
[WhiteElo "2152"]
[BlackElo "2095"]
[PlyCount "55"]
[EventDate "2012.10.14"]

1. e4 c5 2. d4 cxd4 3. c3 dxc3 4. Nxc3 e6 5. Nf3 Nc6 6. Bc4 a6 7. O-O Nge7 8.
Bg5 f6 9. Be3 Ng6 10. Qe2 b5 11. Bb3 Na5 12. Bc2 Nc6 13. Rfd1 Be7 14. Bb3 Qc7
15. Rac1 O-O 16. Nd5 Qb7 17. Nxe7+ Ncxe7 18. Bc5 Rf7 19. Bd6 Nc6 20. Rd2 Nge5
21. Nxe5 fxe5 22. Qe3 h6 23. Rdc2 Rf6 24. Rc5 Kh8 25. Rxe5 Nxe5 26. Bxe5 Kh7
27. Bxf6 gxf6 28. Qf4 1-0

[Event "Druga liga Srbije grupa Vojvodina 2012"]
[Site "Kac"]
[Date "2012.10.17"]
[Round "6.6"]
[White "Kaszas, Viktor"]
[Black "Bogic, Stevan"]
[Result "1/2-1/2"]
[WhiteElo "2027"]
[BlackElo "2199"]
[PlyCount "59"]
[EventDate "2012.10.14"]

1. e4 c5 2. Nf3 d6 3. d4 cxd4 4. Nxd4 Nf6 5. Nc3 a6 6. Bc4 b5 7. Bb3 Bb7 8. f3
Nbd7 9. Be3 Nc5 10. Qd2 e6 11. O-O-O Be7 12. g4 Qc7 13. h4 Rc8 14. h5 Nxb3+ 15.
axb3 b4 16. Na4 h6 17. Kb1 d5 18. e5 Nd7 19. f4 Bc6 20. f5 Nf8 21. f6 gxf6 22.
exf6 Bxf6 23. Rhf1 Nd7 24. Qf2 Bxa4 25. bxa4 Rh7 26. Rg1 Bxd4 27. Bxd4 Nc5 28.
Qe2 Ne4 29. Rg2 Qc4 30. Qf3 1/2-1/2

[Event "Druga liga Srbije grupa Vojvodina 2012"]
[Site "Kac"]
[Date "2012.10.21"]
[Round "11.1"]
[White "Laketic, Gojko"]
[Black "Onjin, Branko"]
[Result "1-0"]
[WhiteElo "2435"]
[BlackElo "2005"]
[PlyCount "77"]
[EventDate "2012.10.14"]

1. d4 Nf6 2. c4 g6 3. Nc3 d5 4. Nf3 Bg7 5. Bg5 Ne4 6. Bf4 Nxc3 7. bxc3 dxc4 8.
Qa4+ c6 9. Qxc4 O-O 10. e3 Nd7 11. Be2 Nb6 12. Qc5 h6 13. O-O Bf5 14. Bg3 Na4
15. Qb4 b5 16. c4 a6 17. Rac1 Ra7 18. Ne5 Bxe5 19. Bxe5 f6 20. Bg3 Kg7 21. Rfd1
Qd7 22. f3 g5 23. e4 Bg6 24. Bf2 Rb7 25. e5 Bf7 26. Rd2 Qc8 27. Bd1 Rd8 28. h3
h5 29. Rb1 Ra7 30. Bxa4 bxa4 31. Qxa4 g4 32. hxg4 hxg4 33. fxg4 Rc7 34. g5 Qg4
35. gxf6+ exf6 36. Re1 Rh8 37. Rd3 Bg6 38. Rg3 Qf4 39. Qb3 1-0

[Event "Druga liga Srbije grupa Vojvodina 2012"]
[Site "Kac"]
[Date "2012.10.21"]
[Round "11.1"]
[White "Drazic, Sinisa"]
[Black "Blagojevic, Srdjan"]
[Result "1-0"]
[WhiteElo "2511"]
[BlackElo "2148"]
[PlyCount "49"]
[EventDate "2012.10.14"]

1. e4 c5 2. Nf3 e6 3. Nc3 Nc6 4. Bb5 Nge7 5. O-O Qc7 6. Re1 Ne5 7. Nxe5 Qxe5 8.
b3 a6 9. Bf1 Ng6 10. Bb2 Qg5 11. e5 Qh6 12. Re3 d5 13. exd6 Bxd6 14. Rh3 Qf4
15. Ne2 Qg5 16. Bxg7 Rg8 17. Bh6 Qf6 18. Ng3 Be5 19. c3 Nh4 20. Be3 b6 21. d4
Bc7 22. Qh5 Ng6 23. Bg5 Qg7 24. Qf3 Ra7 25. Nh5 1-0

[Event "Druga liga Srbije grupa Vojvodina 2012"]
[Site "Kac"]
[Date "2012.10.21"]
[Round "11.2"]
[White "Dumpor, Atif"]
[Black "Roganovic, Milos"]
[Result "1/2-1/2"]
[WhiteElo "2359"]
[BlackElo "2518"]
[PlyCount "26"]
[EventDate "2012.10.14"]

1. d4 Nf6 2. Nf3 g6 3. g3 Bg7 4. Bg2 O-O 5. O-O d5 6. Nbd2 Nc6 7. b3 a5 8. Bb2
b6 9. c4 e6 10. Rc1 Bb7 11. a3 Re8 12. Qc2 Rc8 13. Rfd1 Ne7 1/2-1/2

[Event "Druga liga Srbije grupa Vojvodina 2012"]
[Site "Kac"]
[Date "2012.10.21"]
[Round "11.2"]
[White "Sipos, Istvan"]
[Black "Ratkovic, Milovan"]
[Result "1/2-1/2"]
[WhiteElo "2459"]
[BlackElo "2272"]
[PlyCount "31"]
[EventDate "2012.10.14"]

1. c4 c6 2. d4 d5 3. Nc3 Nf6 4. cxd5 cxd5 5. Bf4 Nc6 6. e3 a6 7. Rc1 Bf5 8. Nf3
Rc8 9. Be2 e6 10. O-O Bd6 11. Bxd6 Qxd6 12. Na4 O-O 13. Nc5 Rc7 14. Qb3 Qe7 15.
Qb6 Rfc8 16. Rc3 1/2-1/2

[Event "Druga liga Srbije grupa Vojvodina 2012"]
[Site "Kac"]
[Date "2012.10.21"]
[Round "11.2"]
[White "Orlov, Konstantin"]
[Black "Bulajic, Ratko"]
[Result "1/2-1/2"]
[WhiteElo "2247"]
[BlackElo "2331"]
[PlyCount "28"]
[EventDate "2012.10.14"]

1. d4 Nf6 2. c4 g6 3. Nf3 Bg7 4. Nc3 O-O 5. e4 d6 6. Be2 e5 7. d5 a5 8. b3 Na6
9. a3 Bd7 10. h3 Nh5 11. Bg5 f6 12. Bh4 g5 13. Bg3 f5 14. exf5 Bxf5 1/2-1/2

[Event "Druga liga Srbije grupa Vojvodina 2012"]
[Site "Kac"]
[Date "2012.10.21"]
[Round "11.2"]
[White "Strangar, Zlatko"]
[Black "Ratkovic, Miloje"]
[Result "1/2-1/2"]
[WhiteElo "2221"]
[BlackElo "2202"]
[PlyCount "52"]
[EventDate "2012.10.14"]

1. e4 c6 2. d4 d5 3. exd5 cxd5 4. c4 Nf6 5. Nc3 e6 6. Nf3 Be7 7. cxd5 Nxd5 8.
Bc4 Nxc3 9. bxc3 Qc7 10. Qd3 O-O 11. Bb3 b6 12. O-O Ba6 13. c4 Nc6 14. Ng5 Bxg5
15. Bxg5 Na5 16. Rac1 Rac8 17. Bc2 f5 18. Qe3 Bxc4 19. Rfe1 Qd7 20. Bb1 Bd5 21.
Bf4 b5 22. h3 Nc4 23. Qe2 Rc6 24. Bd3 a6 25. a4 Rfc8 26. axb5 axb5 1/2-1/2

[Event "Druga liga Srbije grupa Vojvodina 2012"]
[Site "Kac"]
[Date "2012.10.21"]
[Round "11.2"]
[White "Kostic, Branimir"]
[Black "Ivanovic, Miroslav"]
[Result "1/2-1/2"]
[WhiteElo "2234"]
[BlackElo "2104"]
[PlyCount "32"]
[EventDate "2012.10.14"]

1. d4 Nf6 2. c4 c5 3. Nf3 g6 4. Nc3 Bg7 5. e4 cxd4 6. Nxd4 d6 7. Be2 O-O 8. O-O
Nc6 9. Be3 Nxd4 10. Bxd4 Be6 11. Qd2 Qa5 12. Rfd1 Rfc8 13. b3 Nd7 14. Bxg7 Kxg7
15. f4 f6 16. Bf3 Rab8 1/2-1/2

[Event "Druga liga Srbije grupa Vojvodina 2012"]
[Site "Kac"]
[Date "2012.10.21"]
[Round "11.2"]
[White "Roganovic, Nebojsa"]
[Black "Milojevic, Dusan"]
[Result "1/2-1/2"]
[WhiteElo "2204"]
[BlackElo "2188"]
[PlyCount "20"]
[EventDate "2012.10.14"]

1. e4 c5 2. Nf3 a6 3. c4 g6 4. d4 Bg7 5. Nc3 cxd4 6. Nxd4 Nc6 7. Be3 d6 8. Be2
Nf6 9. O-O Bd7 10. f3 O-O 1/2-1/2

[Event "Druga liga Srbije grupa Vojvodina 2012"]
[Site "Kac"]
[Date "2012.10.21"]
[Round "11.3"]
[White "Vukic, Radivoj"]
[Black "Varga, Zoltan"]
[Result "1/2-1/2"]
[WhiteElo "2351"]
[BlackElo "2455"]
[PlyCount "25"]
[EventDate "2012.10.14"]

1. d4 d5 2. c4 dxc4 3. Nf3 c6 4. e4 b5 5. a4 Nf6 6. e5 Nd5 7. axb5 cxb5 8. b3
e6 9. bxc4 bxc4 10. Bxc4 Bb4+ 11. Bd2 O-O 12. Qb3 Bxd2+ 13. Nbxd2 1/2-1/2

[Event "Druga liga Srbije grupa Vojvodina 2012"]
[Site "Kac"]
[Date "2012.10.21"]
[Round "11.3"]
[White "Cabarkapa, Novak"]
[Black "Remecki, Sinisa"]
[Result "1/2-1/2"]
[WhiteElo "2244"]
[BlackElo "2212"]
[PlyCount "57"]
[EventDate "2012.10.14"]

1. e4 c5 2. Nf3 Nc6 3. Bb5 d6 4. O-O e6 5. Re1 Bd7 6. c3 a6 7. Bf1 Be7 8. d4
Qc7 9. dxc5 dxc5 10. e5 h5 11. Nbd2 Nh6 12. Nc4 Nf5 13. a4 Na5 14. Nfd2 Rd8 15.
Nxa5 Qxa5 16. Nc4 Qc7 17. a5 Bc6 18. Qc2 O-O 19. Bf4 Rfe8 20. Ne3 Nxe3 21. Rxe3
Bb5 22. Bxb5 axb5 23. Qe2 h4 24. Re4 c4 25. Be3 Ra8 26. h3 Rxa5 27. Rxa5 Qxa5
28. Qh5 Qa1+ 29. Kh2 1/2-1/2

[Event "Druga liga Srbije grupa Vojvodina 2012"]
[Site "Kac"]
[Date "2012.10.21"]
[Round "11.3"]
[White "Titov, Ivan"]
[Black "Vidic, Stevan"]
[Result "1-0"]
[WhiteElo "2173"]
[BlackElo "2288"]
[PlyCount "83"]
[EventDate "2012.10.14"]

1. e4 c5 2. a3 e6 3. b4 d6 4. Nc3 Nf6 5. Rb1 Be7 6. Bb5+ Nbd7 7. bxc5 dxc5 8.
e5 Nd5 9. Qg4 O-O 10. Nf3 f5 11. Qg3 N7b6 12. O-O c4 13. Nxd5 exd5 14. d3 a6
15. Bh6 g6 16. Bxf8 Bxf8 (16... Qxf8 17. Nd4 axb5 18. Nxb5 Bd7 $17) 17. Be8
cxd3 18. cxd3 d4 19. e6 Bxe6 20. Qe5 Bd5 21. Rxb6 Bxf3 22. Qe6+ Kh8 23. Re1 Bc6
24. Qf7 Qxe8 25. Rxe8 Rxe8 26. Kf1 Rc8 27. f4 Bg7 28. a4 Rf8 29. Qe6 Rf6 30.
Rxc6 bxc6 31. Qc8+ Bf8 32. Qxa6 Kg7 33. Qb7+ Rf7 34. Qxc6 Bb4 35. Qb6 Bc3 36.
a5 Re7 37. a6 Re1+ 38. Kf2 Ra1 39. a7 Kh6 40. Qb7 g5 41. fxg5+ Kxg5 42. a8=Q
1-0

[Event "Druga liga Srbije grupa Vojvodina 2012"]
[Site "Kac"]
[Date "2012.10.21"]
[Round "11.3"]
[White "Marjanusic, Vladimir"]
[Black "Vajdic, Nikola"]
[Result "1/2-1/2"]
[WhiteElo "2266"]
[BlackElo "2290"]
[PlyCount "31"]
[EventDate "2012.10.14"]

1. e4 c5 2. Nf3 Nc6 3. d4 cxd4 4. Nxd4 Nf6 5. Nc3 e5 6. Ndb5 d6 7. Bg5 a6 8.
Na3 b5 9. Nd5 Be7 10. Bxf6 Bxf6 11. c4 b4 12. Nc2 Rb8 13. b3 Bg5 14. g3 O-O 15.
Bg2 Bh6 16. O-O 1/2-1/2

[Event "Druga liga Srbije grupa Vojvodina 2012"]
[Site "Kac"]
[Date "2012.10.21"]
[Round "11.3"]
[White "Jacimovic, Zoran"]
[Black "Milurovic, Uros"]
[Result "1/2-1/2"]
[WhiteElo "2168"]
[BlackElo "2095"]
[PlyCount "72"]
[EventDate "2012.10.14"]

1. e4 c5 2. Nf3 Nc6 3. Bb5 e6 4. Bxc6 dxc6 5. Nc3 Ne7 6. O-O Ng6 7. e5 Be7 8.
d3 O-O 9. Re1 b6 10. Ne4 h6 11. Qe2 Qc7 12. Ng3 Rd8 13. Qe4 Ba6 14. b3 b5 15.
Qg4 c4 16. dxc4 Bb4 17. Bxh6 gxh6 18. Nh5 Be7 19. h4 Kh7 20. Nf6+ Bxf6 21. exf6
Qf4 22. Ng5+ hxg5 23. Qh5+ Kg8 24. hxg5 Qh4 25. Qf3 Qxg5 26. Qxc6 bxc4 (26...
Nf4 $1) 27. Qxa6 cxb3 (27... Nf4) 28. axb3 Qxf6 29. Re3 Rd2 30. Rf3 Qe5 31. g3
Qe4 32. Re3 Qxc2 33. Rae1 Rad8 34. Qa4 Qf5 35. Kg2 Rd1 36. Qxa7 Rxe1 1/2-1/2

[Event "Druga liga Srbije grupa Vojvodina 2012"]
[Site "Kac"]
[Date "2012.10.21"]
[Round "11.3"]
[White "Kaszas, Viktor"]
[Black "Besedes, Danilo"]
[Result "0-1"]
[WhiteElo "2027"]
[BlackElo "1845"]
[PlyCount "84"]
[EventDate "2012.10.14"]

1. e4 e5 2. Nf3 Nc6 3. Bb5 a6 4. Ba4 Nf6 5. O-O Be7 6. Re1 b5 7. Bb3 O-O 8. a4
b4 9. d3 d6 10. Nbd2 Bg4 11. h3 Be6 12. Nc4 h6 13. a5 Nd7 14. c3 Nc5 15. Ba2 b3
16. Bb1 Nb7 17. Ne3 Ncxa5 18. d4 Nc4 19. Bd3 Nxe3 20. Bxe3 exd4 21. cxd4 d5 22.
e5 c5 23. Bxa6 Na5 24. Bd3 c4 25. Bb1 Qd7 26. Qd2 Nc6 27. Rxa8 Rxa8 28. Bxh6
Bf5 29. Bxf5 Qxf5 30. Qf4 Qg6 31. Bg5 c3 32. Bxe7 cxb2 33. e6 fxe6 34. Nd2 Nxe7
35. Qe3 Ra1 36. Kh2 b1=Q 37. Nxb1 Rxb1 38. Rxb1 Qxb1 39. Qxe6+ Kf8 40. Qe5 b2
41. Qb8+ Kf7 42. Qe5 Qf5 0-1

[Event "Druga liga Srbije grupa Vojvodina 2012"]
[Site "Kac"]
[Date "2012.10.21"]
[Round "11.4"]
[White "Galyas, Miklos"]
[Black "Sertic, Rudolf"]
[Result "1/2-1/2"]
[WhiteElo "2423"]
[BlackElo "2397"]
[PlyCount "24"]
[EventDate "2012.10.14"]

1. d4 d5 2. c4 e6 3. Nc3 c5 4. cxd5 exd5 5. Nf3 Nc6 6. dxc5 d4 7. Na4 Bxc5 8.
Nxc5 Qa5+ 9. Bd2 Qxc5 10. e3 dxe3 11. Bxe3 Qb4+ 12. Qd2 Qxd2+ 1/2-1/2

[Event "Druga liga Srbije grupa Vojvodina 2012"]
[Site "Kac"]
[Date "2012.10.21"]
[Round "11.4"]
[White "Vlahovic, Bogdan"]
[Black "Kolognat, Petar"]
[Result "1/2-1/2"]
[WhiteElo "2340"]
[BlackElo "2267"]
[PlyCount "21"]
[EventDate "2012.10.14"]

1. Nf3 Nf6 2. c4 e6 3. b3 d5 4. Bb2 Be7 5. g3 c5 6. Bg2 Nc6 7. O-O O-O 8. cxd5
exd5 9. d4 Ne4 10. dxc5 Bxc5 11. Nc3 1/2-1/2

[Event "Druga liga Srbije grupa Vojvodina 2012"]
[Site "Kac"]
[Date "2012.10.21"]
[Round "11.4"]
[White "Marcak, Dejan"]
[Black "Sekulic, Dusan"]
[Result "0-1"]
[WhiteElo "2152"]
[BlackElo "2304"]
[Annotator " "]
[PlyCount "106"]
[EventDate "2012.10.14"]

1. e4 e5 2. Nf3 Nc6 3. Bc4 Bc5 4. c3 Qe7 5. O-O d6 6. d4 Bb6 7. h3 Nf6 8. Re1
O-O 9. Bg5 h6 10. Bh4 g5 11. Bg3 Nd7 12. a4 a6 13. Na3 Qf6 14. Nc2 Re8 15. Ne3
exd4 16. Nd5 Qg6 17. Nxd4 Nxd4 18. cxd4 c6 19. Nxb6 Nxb6 20. Bd3 Qg7 21. a5 Nd7
22. Bc4 Qg6 23. Qf3 Nf6 24. e5 dxe5 25. Bxe5 Nd5 26. Bxd5 cxd5 27. Qxd5 Qc6 28.
Qb3 Be6 29. Qg3 Bd5 30. h4 Qg6 31. hxg5 hxg5 32. Rac1 f6 33. Bf4 Qf5 34. Be3
Re7 35. Rc5 Rd8 36. Rec1 Kf7 37. Qh2 Kg6 38. Rc7 Rxc7 39. Rxc7 Rd7 40. Rc5 Qb1+
41. Rc1 Qxb2 42. Qg3 Qb5 43. Rc5 Qb1+ 44. Rc1 Qe4 45. Qh3 Rh7 46. Qg3 Rh4 47.
Re1 Rg4 48. f3 Rxg3 49. fxe4 Bxe4 50. Re2 f5 51. Kh2 Rg4 52. Bc1 Kf6 53. Rd2
Bd5 {dalje necitko...66 moves} 0-1

[Event "Druga liga Srbije grupa Vojvodina 2012"]
[Site "Kac"]
[Date "2012.10.21"]
[Round "11.5"]
[White "Leskur, Dejan"]
[Black "Popov, Stevan"]
[Result "1/2-1/2"]
[WhiteElo "2376"]
[BlackElo "2204"]
[PlyCount "93"]
[EventDate "2012.10.14"]

1. e4 c6 2. d4 g6 3. Nc3 d6 4. Be3 Bg7 5. Nf3 Nf6 6. h3 O-O 7. Qd2 b5 8. Bd3 a6
9. Ne2 Re8 10. Ng3 Nbd7 11. O-O e5 12. dxe5 dxe5 13. a4 Rb8 14. b4 Nf8 15. Qc3
Bb7 16. Rfd1 N6d7 17. Qb3 Ne6 18. c4 bxa4 19. Qxa4 c5 20. Bf1 Nd4 21. b5 Ra8
22. Qa5 axb5 23. Qxd8 Rexd8 24. cxb5 Nb6 25. Rac1 Rdc8 26. Nd2 Bf8 27. Nc4 Nxc4
28. Bxc4 Ra4 29. f3 Rca8 30. Nf1 Bc8 31. f4 exf4 32. Bxf4 Rxc4 33. Rxc4 Ne2+
34. Kh2 Nxf4 35. Rd8 Ne6 36. Re8 f6 37. b6 Kf7 38. b7 Bxb7 39. Rxa8 Bxa8 40.
Ra4 Bc6 41. Ra7+ Be7 42. Nd2 Ng5 43. e5 fxe5 44. Nc4 Ke6 45. Ra6 Kd5 46. Nb6+
Kd4 47. Nc8 1/2-1/2

[Event "Druga liga Srbije grupa Vojvodina 2012"]
[Site "Kac"]
[Date "2012.10.21"]
[Round "11.5"]
[White "Jovanovic, Milenko"]
[Black "Dvornic, Mladen"]
[Result "1/2-1/2"]
[WhiteElo "2192"]
[BlackElo "2323"]
[PlyCount "29"]
[EventDate "2012.10.14"]

1. d4 d5 2. c4 e6 3. cxd5 exd5 4. Nc3 Nf6 5. Bg5 Be7 6. e3 O-O 7. Bd3 Nbd7 8.
Qc2 Re8 9. Nge2 c6 10. O-O h6 11. Bh4 Nh5 12. Bxe7 Qxe7 13. Rae1 Nf8 14. Qd2
Nf6 15. Ng3 1/2-1/2

[Event "Druga liga Srbije grupa Vojvodina 2012"]
[Site "Kac"]
[Date "2012.10.21"]
[Round "11.5"]
[White "Torbica, Milos"]
[Black "Rajic, Dobrivoje"]
[Result "1-0"]
[WhiteElo "2279"]
[BlackElo "2105"]
[PlyCount "139"]
[EventDate "2012.10.14"]

1. d4 Nf6 2. Nf3 e6 3. c4 Bb4+ 4. Bd2 Qe7 5. e3 b6 6. Nc3 Bb7 7. Bd3 Bxc3 8.
Bxc3 Ne4 9. Rc1 d6 10. O-O Nd7 11. a3 f5 12. b4 Nxc3 13. Rxc3 c5 14. Qe2 O-O
15. Bc2 e5 16. bxc5 dxc5 17. d5 e4 18. Nd2 Ne5 19. f3 exf3 20. Nxf3 Rae8 21.
Ba4 Rd8 22. Nxe5 Qxe5 23. Qd2 Rf6 24. Rcc1 Rh6 25. g3 Rg6 26. Qf2 Bc8 27. Rc2
Rf6 28. Qf4 Qd6 29. Rcf2 Qxf4 30. exf4 Bd7 31. Bxd7 Rxd7 32. Rb2 Re7 33. Kf2
Re4 34. Rc1 Kf8 35. a4 Ke8 36. Re2 Rxe2+ 37. Kxe2 Kd7 38. Kd3 Rh6 39. Rc2 Rh3
40. Ke3 Rh6 41. Ra2 Kc7 42. Kf3 Rd6 43. Re2 Kd7 44. h3 h5 45. g4 hxg4+ 46. hxg4
fxg4+ 47. Kxg4 Rg6+ 48. Kf3 Rg1 49. Rg2 Rc1 50. Rxg7+ Kd6 51. Rg6+ Kd7 52. Ke4
Rxc4+ 53. Ke5 Rc1 54. Rg7+ Ke8 55. Rxa7 Re1+ 56. Kd6 Rf1 57. Kc6 c4 58. Kxb6
Rb1+ 59. Ka6 c3 60. Rc7 Rb4 61. a5 Rxf4 62. Rxc3 Rd4 63. Rc5 Kd7 64. Kb6 Rb4+
65. Rb5 Ra4 66. a6 Kc8 67. a7 Ra2 68. Rc5+ Kd7 69. Ra5 Rb2+ 70. Ka6 1-0

[Event "Druga liga Srbije grupa Vojvodina 2012"]
[Site "Kac"]
[Date "2012.10.21"]
[Round "11.5"]
[White "Kovacevic, Slavko"]
[Black "Desnica, Vladan"]
[Result "1/2-1/2"]
[WhiteElo "2187"]
[BlackElo "2236"]
[PlyCount "134"]
[EventDate "2012.10.14"]

1. c4 e6 2. Nc3 d5 3. d4 Be7 4. Nf3 Nf6 5. e3 O-O 6. Bd3 dxc4 7. Bxc4 c5 8. O-O
a6 9. Bd3 Nc6 10. dxc5 Bxc5 11. a3 Qe7 12. Qe2 e5 13. Ng5 Ba7 14. h3 h6 15.
Nge4 Nxe4 16. Bxe4 f5 17. Bd5+ Kh8 18. b4 e4 19. Bb2 Ne5 20. Rad1 Bb8 21. Na4
Nd3 22. Rxd3 exd3 23. Qxd3 Be5 24. Bxe5 Qxe5 25. Nb6 Rb8 26. Qb3 Qf6 27. Na4 b6
28. Rd1 Rd8 29. Nc3 Bb7 30. Ne2 Bxd5 31. Rxd5 Rxd5 32. Qxd5 Rd8 33. Qa2 Rd1+
34. Kh2 Qd6+ 35. Ng3 Rd2 36. Qc4 Rxf2 37. Qc8+ Kh7 38. Qb7 Rd2 39. Qxa6 Qd5 40.
Qf1 g6 41. e4 fxe4 42. Nxe4 Qe5+ 43. Kh1 Rd8 44. Qf3 Kg7 45. Ng3 Rc8 46. a4 h5
47. Ne2 Rf8 48. Qd3 Rf1+ 49. Ng1 Ra1 50. Qd7+ Kh6 51. Qd2+ g5 52. h4 Kg6 53.
hxg5 h4 54. Qf2 h3 55. Qxb6+ Kxg5 56. Qd8+ Kf5 57. Qd3+ Kf6 58. Qxh3 Qe1 59.
Qh6+ Ke5 60. Qh5+ Kd4 61. Qc5+ Kd3 62. Kh2 Qh4+ 63. Nh3 Ra3 64. a5 Kd2 65. Qd5+
Kc2 66. Qe5 Rxh3+ 67. gxh3 Qf2+ 1/2-1/2